Library Banner
Normal view MARC view

Entry Topical Term

Number of records used in: 3

001 - CONTROL NUMBER

  • control field: 2853

003 - CONTROL NUMBER IDENTIFIER

  • control field: PK-LaUMT

005 - DATE AND TIME OF LATEST TRANSACTION

  • control field: 20241021090424.0

008 - FIXED-LENGTH DATA ELEMENTS

  • fixed length control field: 241021|| aca||aabn | a|a d

040 ## - CATALOGING SOURCE

  • Original cataloging agency: PK-LaUMT
  • Transcribing agency: PK-LaUMT

150 ## - HEADING--TOPICAL TERM

  • Topical term or geographic name as entry element: Management information systems (MIS)

670 ## - SOURCE DATA FOUND

  • Source citation: Work cat.: (PK-LaUMT)57889: Ashraf, Muhammad Farooq 2852, To develop a MIS system for a chain of store [MBA programme], 1998